| 000 | 00414nam a2200181Ia 4500 | ||
|---|---|---|---|
| 008 | 230725s xx 000 0 und d | ||
| 041 | _aeng | ||
| 082 |
_a612.11 _bLEH/ COX |
||
| 100 | _aLEHINIGER,COX | ||
| 245 | _aPRINCIPLE OF BIOCHEMISTRY | ||
| 260 | _bC.B.S. PUBLISHERS & DISTRUTORS | ||
| 300 | _a1013 | ||
| 365 | _h20 | ||
| 500 | _aTEXT BOOK | ||
| 501 | _aBCP | ||
| 520 | _aHB | ||
| 650 | _aBIOCHEMISTRY | ||
| 999 |
_c767307 _d767307 |
||